| 000 | 00359nam a2200121Ia 4500 | ||
|---|---|---|---|
| 005 | 20260328101449.0 | ||
| 008 | 260328s9999||||xx |||||||||||||| ||und|| | ||
| 100 | _ade Ezcurra, Héctor | ||
| 245 | 0 |
_aArquitectura en la Argentina - Vol. 9 : _b Movimientos Contemporáneos / _cHéctor de Ezcurra |
|
| 260 | _bEudeba | ||
| 650 | _aARQUITECTURA REGIONAL | ||
| 942 | _cBK | ||
| 999 |
_c8584 _d8584 |
||